ბათუმის შოთა რუსთაველის სახელმწიფო უნივერსიტეტის ბიბლიოთეკა

უახლესი ქართული ლიტერატურის ისტორია / (ბიბ.ჩანაწერი № 55943)

000 -ლიდერი
ფიქსირებული სიგრძის საკონტროლო ველი 01164nam a2200241Ia 4500
001 - საკონტროლო ნომერი
საკონტროლო ველი 23042
003 - საკონტროლო ნომრის იდენტიფიკატორი
საკონტროლო ველი GE_BSU
005 - ბოლო ოპერაციის თარიღი და დრო
საკონტროლო ველი 20230616130057.0
008 - ფიქსირებული სიგრძის მონაცემთა ელემენტები - ზოგადი ინფორმაცია
ფიქსირებული სიგრძის საკონტროლო ველი 181216s ||||ge |||||||||||||| ||geo||
020 ## - წიგნის საერთაშორისო სტანდარტული ნომერი
International Standard Book Number 99928-56-07-6
040 ## - კატალოგიზაციის წყარო
Transcribing agency GE_BSU
041 ## - ენის კოდი
Language code of text/sound track or separate title geo
080 ## - უნივერსალური ათობითი კლასიფიკაციის ინდექსი
Universal Decimal Classification number 821.353.1.09(075.8) მ-75
100 ## - მთავარი ჩანაწერი - პიროვნების სახელი
Personal name მიშველაძე, რევაზ
9 (RLIN) 3537
245 ## - ცნობა სათაურის შესახებ
Title უახლესი ქართული ლიტერატურის ისტორია /
Statement of responsibility, etc რევაზ მიშველაძე ; რედ. ავთანდილ ნიკოლეიშვილი.
264 ## - წარმოების, გამოცემის, დისტრიბუციის და სხვა ცნობები
გამოცემის, წარმოების, დისტრიბუციის... ადგილი თბილისი :
გამოცემის, წარმოების, დისტრიბუციის... სახელწოდება თბილ. უნ-ტის გამ-ბა,
გამოცემის, წარმოების, დისტრიბუციის... თარიღი 1998.
300 ## - ფიზიკური აღწერა
Extent 460 გვ. ;
Dimensions 20 სმ.
653 ## - INDEX TERM--UNCONTROLLED
Uncontrolled term სახელმძღვანელოები უმაღლესი სასწავლებლებისათვის
653 ## - INDEX TERM--UNCONTROLLED
Uncontrolled term უახლესი ქართული ლიტერატურის ისტორია
700 ## - ADDED ENTRY--PERSONAL NAME
Personal name ნიკოლეიშვილი, ავთანდილ
Relator term რედაქტორი
9 (RLIN) 296
942 ## - ADDED ENTRY ELEMENTS (KOHA)
Koha item type წიგნი
Source of classification or shelving scheme
ეგზემპლარები
ჩამოწერის სტატუსი დაკარგული ეგზემპლარის სტატუსი კლასიფიკაციის წყარო ან თაროზე გაწყობის სქემა დაზიანების სტატუსი არ გაიცემა მუდმივი მდებარეობა (დაცვის ადგილი) ამჟამინდელი ადგილსამყოფელი თაროზე განთავსების ადგილი შეძენის თარიღი ღირებულება, შესყიდვის ნორმალური ფასი სრული შენახვის შიფრი შტრიხკოდი ბოლო ოპერაციის თარიღი ეგზემპლარის მიმდევრობითი ნომერი (კეტერი?) ფასის ძალაში შესვლის თარიღი ეგზემპლარის სახეობა საჯარო შენიშვნა
          ბათუმის შოთა რუსთაველის სახელმწიფო უნივერსიტეტის მთავარი ბიბლიოთეკა ბათუმის შოთა რუსთაველის სახელმწიფო უნივერსიტეტის მთავარი ბიბლიოთეკა წიგნსაცავი 2018-12-17 10.00 821.353.1.09(075.8) მ-75 58418 2018-12-17 58418 2018-12-17 წიგნი 10.00 ₾.